5 Μεγαλύτερες Πόλεις ανά Γεωγραφικό Διαμέρισμα - Statistics

General Stats
  • This quiz has been taken 48 times
  • The average score is 29 of 45
Answer Stats
Γεωγραφικό Διαμέρισμα Πληθυσμός Πόλη % Correct
Ήπειρος 64.896 Ιωάννινα
100%
Θεσσαλία 146.377 Λάρισα
100%
Κρήτη 158.469 Ηράκλειο
100%
Κρήτη 34.085 Ρέθυμνο
100%
Ήπειρος 21.798 Άρτα
97%
Ήπειρος 19.309 Πρέβεζα
97%
Θεσσαλία 116.491 Βόλος
97%
Θράκη 59.476 Αλεξανδρούπολη
97%
Κρήτη 54.559 Χανιά
97%
Μακεδονία 319.045 Θεσσαλονίκη
97%
Θεσσαλία 61.608 Τρίκαλα
93%
Θράκη 58.748 Ξάνθη
93%
Μακεδονία 58.400 Σέρρες
93%
Θράκη 51.732 Κομοτηνή
90%
Νησιά Αιγαίου 54.562 Ρόδος
83%
Νησιά Ιονίου 23.541 Κέρκυρα
83%
Νησιά Ιονίου 9.760 Ζάκυνθος
83%
Νησιά Ιονίου 8.467 Λευκάδα
83%
Πελοπόννησος 57.706 Καλαμάτα
83%
Ήπειρος 9.609 Ηγουμενίτσα
76%
Θεσσαλία 38.999 Καρδίτσα
76%
Πελοπόννησος 170.934 Πάτρα
76%
Νησιά Αιγαίου 27.015 Χίος
69%
Πελοπόννησος 30.816 Κόρινθος
69%
Πελοπόννησος 30.383 Τρίπολη
66%
Θράκη 18.164 Ορεστιάδα
62%
Μακεδονία 56.961 Κατερίνη
62%
Στερεά Ελλάδα 643.452 Αθήνα
62%
Πελοπόννησος 25.151 Πύργος
59%
Νησιά Αιγαίου 21.430 Κως
48%
Νησιά Ιονίου 10.120 Αργοστόλι
48%
Θράκη 9.263 Διδυμότειχο
45%
Κρήτη 13.609 Ιεράπετρα
41%
Νησιά Αιγαίου 31.714 Μυτιλήνη
41%
Στερεά Ελλάδα 168.151 Πειραιάς
38%
Θεσσαλία 7.338 Ελασσόνα
31%
Μακεδονία 92.248 Καλαμαριά
28%
Μακεδονία 79.221 Εύοσμος
24%
Νησιά Αιγαίου 13.529 Κάλυμνος
14%
Στερεά Ελλάδα 133.630 Περιστέρι
14%
Ήπειρος 10.379 Ανατολή Ιωαννίνων
10%
Στερεά Ελλάδα 97.616 Καλλιθέα
10%
Κρήτη 13.526 Γάζι
7%
Νησιά Ιονίου 1.676 Βαθύ
7%
Στερεά Ελλάδα 100.857 Αχαρνές
7%
No matching quizzes found
Score Distribution
Percent of People with Each Score
Percentile by Number Answered
Your Score History
You have not taken this quiz